Statistics for Can you guess my favorite food ;)

Click here to take the quiz!

General Stats

  • This quiz has been taken 37 times
  • The average score is 9 of 10

Answer Stats

Answer% Correct
Cucumber
100%
Hotdog
100%
Lemon
100%
Strawberry
100%
Lime
97%
Cheese
94%
Pickle
91%
Bacon
83%
Cabbage
71%
Cantaloupe
49%

Score Distribution

Percentile by Number Answered

Percent of People with Each Score

Your Score History

You have not taken this quiz